000 00788nam a22002532a 4500
001 29656
003 BD-RjUL
005 20211209051436.0
008 140406r20051980ii a b 001 0 eng d
035 _a(BD-RjUL)29741
040 _aDLC
_cDLC
_dUKM
_dBD-RjUL
_beng
041 _aeng
082 0 0 _a155
_bHUD 2005
100 1 _aHurlock, Elizabeth B.
_q(Elizabeth Bergner),
_d1898-1988.
_987769
245 1 0 _aDevelopmental psychology :
_ba life-span approach /
_cElizabeth B. Hurlock.
250 _a5th ed.
260 _aNew Delhi :
_bMcGraw-Hill,
_c1980.
300 _axiv, 477 p. :
_bill. ;
_c25 cm.
504 _aIncludes bibliographical references and index.
650 0 _aDevelopmental psychology
_988515
942 _2ddc
_cBK
_02
999 _c29656
_d29656